Kríza doľahla na investície

Obmedzený počet kupujúcich na trhu spôsobuje, že investori sa budú zameriavať na nehnuteľnosti produkujúce zisk so stabilným obsadením a dlhodobými nájomnými zmluvami. Načasovanie predaja a cenová dostupnosť sú pre optimalizáciu výnosov významnými faktormi. Hlavným dôvodom prepadu investičných objem...

Descrizione completa

Salvato in:
Dettagli Bibliografici
Autore principale: Nagyová, Izabela
Natura: Capitolo di libro
Lingua:slovacco
Soggetti:
Tags: Aggiungi Tag
Nessun Tag, puoi essere il primo ad aggiungerne!!

MARC

LEADER 00000naa$a2200000$$$4500
001 0091893
005 20231108135212.5
041 0 |a slo 
044 |a SK 
245 1 0 |a Kríza doľahla na investície  |c Izabela Nagyová 
520 |a Obmedzený počet kupujúcich na trhu spôsobuje, že investori sa budú zameriavať na nehnuteľnosti produkujúce zisk so stabilným obsadením a dlhodobými nájomnými zmluvami. Načasovanie predaja a cenová dostupnosť sú pre optimalizáciu výnosov významnými faktormi. Hlavným dôvodom prepadu investičných objemov bola neochota či neschopnosť bánk požičiavať peniaze, čo súvisí s globálnou krízou. Financovanie investícií do nehnuteľností v strednej a východnej Európe obmedzuje aj nedostatok likvidity. Náprava v krátkom časovom horizonte nie je pravdepodobná. 
610 2 0 |a investície 
610 2 0 |a kapitál 
610 2 0 |a investovanie 
610 2 0 |a banky 
610 2 0 |a pôžičky 
610 2 0 |a nehnuteľnosti 
610 2 0 |a kríza finančná 
610 2 0 |a Európa 
100 1 |a Nagyová, Izabela